000 00895nam a2200217Ii 4500
003 JO-AjNU
008 230605s9999||||xx |||||||||||||| ||und||
017 _a2002/2/395
040 _aJO-AjNU
_bara
_erda
_cJO-AjNU
041 _aara
050 1 4 _aNA9031.T346 2002
100 3 _aالهاشمي ,عماد أكرم تأليف وآخرون,
_eauthor
_917212
245 0 0 _aتخطيط المدن :تطبيقات في النمذجة الحضرية=URBAN PLANNING:APPLIED RESEARCHES IN URBAN MODELLING
250 _aط1
264 3 1 _aاربد:مؤسسة حمادة للدراسات الجامعية والنشر والتوزيع,2002
300 _a199ص
_bالملاحق:203ص-208ص
336 _atext
_btxt
_2rdacontent
337 _aunmediated
_bn
_2rdamedia
338 _avolume
_bnc
_2rdacarrier
650 4 _aالتخطيط التنظيمي- تخطيط المدن-المدن الجديدة
_917213
999 _aA5268
_c8836
_d8836